000 01205nam a2200313Ia 4500
001 ebr10052684
003 CaPaEBR
006 m u
007 cr cn|||||||||
008 000815s2003 enk s 000 0 eng d
020 _z0861768221
040 _aCaPaEBR
_cCaPaEBR
035 _a(OCoLC)133165354
050 1 4 _aHF5549
_b.S55 2003eb
245 0 0 _aSkilling and the role of the firm
_h[electronic resource] /
_cguest editors, Geoff Pugh, Gwen Coates, Thomas Lange and Melissa Spore.
260 _aBradford, England :
_bEmerald Group Publishing,
_cc2003.
300 _a111 p.
490 0 _aInternational journal of manpower ;
_vv.24, no. 1
533 _aElectronic reproduction.
_bPalo Alto, Calif. :
_cebrary,
_d2009.
_nAvailable via World Wide Web.
_nAccess may be limited to ebrary affiliated libraries.
650 0 _aPersonnel management.
650 0 _aTraining.
655 7 _aElectronic books.
_2local
700 1 _aCoates, Gwen.
700 1 _aLang, Thomas.
700 1 _aPugh, Geoff.
700 1 _aSpore, Melissa.
710 2 _aebrary, Inc.
856 4 0 _uhttp://site.ebrary.com/lib/rucke/Doc?id=10052684
_zAn electronic book accessible through the World Wide Web; click to view
999 _c169458
_d169458